[Event "DVM U20 2014"]
[Site "Naumburg (Saale) GER"]
[Date "2014.12.27"]
[Round "1"]
[White "Martin, Julian"]
[Black "Zimmermann, Ulrich"]
[Result "1/2-1/2"]
[Termination "normal"]
[Board "1.1"]
[WhiteElo "2132"]
[BlackElo "2345"]
[WhiteClock "00:47:44"]
[BlackClock "00:02:41"]
[WhiteTeam "OSG Baden-Baden"]
[BlackTeam "SK Bebenhausen"]
[PlyCount "81"]
[WhiteFideId "12941000"]
[BlackFideId "24654523"]
[EventCountry "GER"]
[EventRounds "7"]
[EventType "team-swiss"]
[EventDate "2014.12.26"]

1. e4 e6 2. d4 d5 3. Nd2 c5 4. exd5 Qxd5 5. Ngf3 cxd4 6. Bc4 Qd6 7. Qe2 Nf6 8.
Nb3 Nc6 9. Bg5 a6 10. O-O-O b5 11. Bd3 Bb7 12. Kb1 O-O-O 13. Bh4 Qc7 14. Bg3
Bd6 15. Nc5 Bxg3 16. hxg3 Rd5 17. Nxb7 Qxb7 18. g4 g5 19. Qd2 Ne5 20. Nxe5 Rxe5
21. f3 Qc7 22. Rh6 Nd5 23. Rdh1 Qc5 24. Rxh7 Rxh7 25. Bxh7 Qb4 26. Qxb4 Nxb4
27. a3 Nd5 28. Rd1 Re2 29. Be4 Ne3 30. Rxd4 f5 31. Bd3 Rxg2 32. Rd6 fxg4 33.
fxg4 e5 34. Rxa6 Rxg4 35. Re6 e4 36. Bxe4 Kd7 37. Re5 Kd6 38. Re8 Rg1+ 39. Ka2
g4 40. Bd3 Re1 41. Rg8 1/2-1/2

[Event "DVM U20 2014"]
[Site "Naumburg (Saale) GER"]
[Date "2014.12.27"]
[Round "1"]
[White "Braun, Georg"]
[Black "Tiemann, Tobias"]
[Result "1/2-1/2"]
[Termination "normal"]
[Board "1.2"]
[WhiteElo "2229"]
[BlackElo "1991"]
[WhiteTeam "SK Bebenhausen"]
[BlackTeam "OSG Baden-Baden"]
[PlyCount "68"]
[WhiteFideId "24629383"]
[BlackFideId "4642350"]
[EventCountry "GER"]
[EventRounds "7"]
[EventType "team-swiss"]
[EventDate "2014.12.26"]

1. e4 c5 2. Nf3 e6 3. d4 cxd4 4. Nxd4 Nc6 5. Nc3 Qc7 6. Be3 a6 7. Be2 Nf6 8.
O-O Bb4 9. Na4 Bd6 10. Nxc6 bxc6 11. Nb6 Rb8 12. Nxc8 Rxc8 13. h3 Nxe4 14. Bxa6
Ra8 15. Bd3 Nf6 16. c4 c5 17. Qc2 Bh2+ 18. Kh1 Bf4 19. Bxf4 Qxf4 20. a3 Rb8 21.
Rab1 O-O 22. b4 cxb4 23. axb4 d5 24. b5 dxc4 25. Qxc4 Qxc4 26. Bxc4 Rfc8 27.
Bd3 Nd5 28. Rb3 Kf8 29. Ra1 Rc3 30. Rxc3 Nxc3 31. Kg1 Rb7 32. Ra5 Ke7 33. f3
Kd6 34. Bxh7 Nxb5 1/2-1/2

[Event "DVM U20 2014"]
[Site "Naumburg (Saale) GER"]
[Date "2014.12.27"]
[Round "1"]
[White "Steimbach, Isabel"]
[Black "Gibicar, Danijel"]
[Result "0-1"]
[Termination "normal"]
[Board "1.3"]
[WhiteElo "1877"]
[BlackElo "2142"]
[WhiteClock "00:03:50"]
[BlackClock "00:08:48"]
[WhiteTeam "OSG Baden-Baden"]
[BlackTeam "SK Bebenhausen"]
[PlyCount "42"]
[WhiteFideId "24692174"]
[BlackFideId "24660256"]
[EventCountry "GER"]
[EventRounds "7"]
[EventType "team-swiss"]
[EventDate "2014.12.26"]

1. e4 e6 2. d4 d5 3. e5 c5 4. c3 Nc6 5. Nf3 Nh6 6. Bd3 cxd4 7. cxd4 f6 8. Nc3
Nf7 9. exf6 Qxf6 10. Be3 Bd6 11. Rc1 O-O 12. O-O Bd7 13. Bb1 a6 14. Na4 Rad8
15. Nc5 Bc8 16. Nxa6 e5 17. Nc5 e4 18. Ne1 Nh6 19. Qh5 Bf4 20. Qe2 Bxh2+ 21.
Kxh2 Qh4+ 0-1

[Event "DVM U20 2014"]
[Site "Naumburg (Saale) GER"]
[Date "2014.12.27"]
[Round "1"]
[White "Kaulich, Philipp Theodor"]
[Black "Toptschiev, David"]
[Result "1-0"]
[Termination "normal"]
[Board "1.4"]
[WhiteElo "2126"]
[BlackElo "1838"]
[WhiteClock "00:03:32"]
[BlackClock "00:00:34"]
[WhiteTeam "SK Bebenhausen"]
[BlackTeam "OSG Baden-Baden"]
[PlyCount "71"]
[WhiteFideId "4641582"]
[BlackFideId "12968005"]
[EventCountry "GER"]
[EventRounds "7"]
[EventType "team-swiss"]
[EventDate "2014.12.26"]

1. c4 e5 2. Nc3 Nc6 3. g3 Nf6 4. Bg2 Bc5 5. e3 O-O 6. Nge2 Re8 7. d3 d6 8. O-O
Bg4 9. a3 a5 10. Rb1 Qd7 11. Nd5 Nxd5 12. cxd5 Ne7 13. b4 axb4 14. axb4 Bb6 15.
Rb2 Bh3 16. Nc3 Bxg2 17. Kxg2 f5 18. Qb3 Ng6 19. Ne2 Qf7 20. Qc4 e4 21. dxe4
fxe4 22. Nf4 Nxf4+ 23. gxf4 Qh5 24. h3 Rf8 25. Rg1 Qf5 26. Kh2 Rf6 27. Rg5 Qd7
28. Qxe4 Rh6 29. Rg3 Qb5 30. Rb1 Re8 31. Qf5 Qe2 32. Bb2 g6 33. Qf6 Qxf2+ 34.
Kh1 Re5 35. fxe5 Qxg3 36. Qd8+ 1-0

[Event "DVM U20 2014"]
[Site "Naumburg (Saale) GER"]
[Date "2014.12.27"]
[Round "1"]
[White "Weis, Olga"]
[Black "Kean, Christopher"]
[Result "1/2-1/2"]
[Termination "normal"]
[Board "1.5"]
[WhiteElo "1790"]
[BlackElo "2003"]
[WhiteClock "00:26:03"]
[BlackClock "00:19:42"]
[WhiteTeam "OSG Baden-Baden"]
[BlackTeam "SK Bebenhausen"]
[PlyCount "94"]
[WhiteFideId "1270234"]
[BlackFideId "1272061"]
[EventCountry "GER"]
[EventRounds "7"]
[EventType "team-swiss"]
[EventDate "2014.12.26"]

1. e4 Nc6 2. d4 d5 3. exd5 Qxd5 4. Nf3 e5 5. dxe5 Qxd1+ 6. Kxd1 Bg4 7. Be2
O-O-O+ 8. Nbd2 Bxf3 9. Bxf3 Nxe5 10. Ke2 Nf6 11. Re1 Bb4 12. Rd1 Rhe8 13. Kf1
Nxf3 14. gxf3 Re5 15. a3 Bc5 16. Re1 Rh5 17. Kg2 Bd6 18. Nf1 Nd5 19. Ng3 Re5
20. Ne4 Rf5 21. Bg5 f6 22. Nxd6+ Rxd6 23. Be3 Nxe3+ 24. Rxe3 Rd2 25. Rae1 Rg5+
26. Kf1 Rxc2 27. Re8+ Kd7 28. R1e7+ Kc6 29. Rg8 Rxb2 30. Rgxg7 Rxg7 31. Rxg7 h5
32. Rg6 Rb5 33. Rxf6+ Kd5 34. Ke2 Kd4 35. Rf4+ Kc3 36. Re4 a5 37. f4 Rf5 38.
Re5 Rxf4 39. Rxh5 a4 40. Rb5 b6 41. Ke3 Rh4 42. f4 Rxh2 43. Rb4 Rh6 44. Rxa4 c5
45. Ke4 Kb3 46. Ra8 c4 47. Rc8 b5 1/2-1/2

[Event "DVM U20 2014"]
[Site "Naumburg (Saale) GER"]
[Date "2014.12.27"]
[Round "1"]
[White "Alber, Alexander"]
[Black "Jurga, Jonas Vincent"]
[Result "0-1"]
[Termination "normal"]
[Board "1.6"]
[WhiteElo "1919"]
[BlackElo "1720"]
[WhiteClock "00:16:34"]
[BlackClock "00:50:23"]
[WhiteTeam "SK Bebenhausen"]
[BlackTeam "OSG Baden-Baden"]
[PlyCount "110"]
[WhiteFideId "4640039"]
[BlackFideId "12968013"]
[EventCountry "GER"]
[EventRounds "7"]
[EventType "team-swiss"]
[EventDate "2014.12.26"]

1. e4 c5 2. Nf3 d6 3. d4 cxd4 4. Nxd4 Nf6 5. Nc3 a6 6. Bc4 e6 7. Bb3 Be7 8. O-O
O-O 9. f4 Nc6 10. Be3 Qc7 11. f5 Nxd4 12. Bxd4 e5 13. Be3 Rd8 14. a4 b6 15. Nd5
Nxd5 16. Qxd5 Bf6 17. Qd2 Bb7 18. Qf2 Qe7 19. Bxb6 Rdc8 20. Qf3 Rc6 21. a5 Rcc8
22. Rad1 Qd7 23. Qd3 Bd8 24. Bxd8 Rxd8 25. f6 g6 26. Qe3 Qe8 27. Rf3 Bc8 28.
Qb6 Bg4 29. Rxd6 Rxd6 30. Qxd6 Bxf3 31. gxf3 Rd8 32. Qxa6 Rd1+ 33. Kf2 Qd8 34.
Bd5 Rd2+ 35. Ke3 Rxc2 36. b4 Rc3+ 37. Ke2 h5 38. Qa8 Rc8 39. Qb7 Rc7 40. Qa8
Rc8 41. Qb7 Rc7 42. Qa6 Rc2+ 43. Kd3 Qc7 44. Bc4 Rc1 45. Qb5 Qd6+ 46. Bd5 Qxf6
47. Qe8+ Kg7 48. Ke2 Rc3 49. Kd2 Rxf3 50. b5 Qf4+ 51. Ke2 Qe3+ 52. Kd1 Rf1+ 53.
Kc2 Rc1+ 54. Kb2 Qc3+ 55. Ka2 Ra1# 0-1

[Event "DVM U20 2014"]
[Site "Naumburg (Saale) GER"]
[Date "2014.12.27"]
[Round "1"]
[White "Kramer, Julian"]
[Black "Keller, Peter"]
[Result "1/2-1/2"]
[Termination "normal"]
[Board "2.1"]
[WhiteElo "2234"]
[BlackElo "2057"]
[WhiteClock "00:23:18"]
[BlackClock "00:20:44"]
[WhiteTeam "Hamburger SK von 1830"]
[BlackTeam "Frankfurter TV 1860"]
[PlyCount "109"]
[WhiteFideId "12921742"]
[BlackFideId "1272105"]
[EventCountry "GER"]
[EventRounds "7"]
[EventType "team-swiss"]
[EventDate "2014.12.26"]

1. e4 e5 2. Nf3 Nc6 3. Bb5 Nf6 4. d3 Bc5 5. Bxc6 dxc6 6. Nbd2 Nd7 7. O-O O-O 8.
Nc4 Re8 9. Bg5 f6 10. Be3 Qe7 11. Qd2 Nf8 12. Nh4 Be6 13. Nf5 Bxf5 14. exf5
Rad8 15. f3 Nd7 16. Qf2 b6 17. Rae1 Bxe3 18. Nxe3 Qb4 19. Nc4 Qc5 20. Re3 Qd4
21. Rfe1 Kf7 22. g3 Nc5 23. Qe2 Qd7 24. f4 exf4 25. Qh5+ Kf8 26. Rxe8+ Rxe8 27.
Qxe8+ Qxe8 28. Rxe8+ Kxe8 29. gxf4 a5 30. Kf2 Nb7 31. b3 Kd7 32. Kf3 Nd6 33.
Ne3 c5 34. c4 c6 35. h3 Kc7 36. Kg4 Kd7 37. Kf3 Kc7 38. Kg4 Kd7 39. Kh4 Kc7 40.
Kg3 Kd7 41. Kg4 Kc7 42. Nc2 Kd7 43. d4 Nb7 44. dxc5 bxc5 45. Ne1 Kc7 46. Nd3
Kb6 47. Nb2 Kc7 48. Na4 Kd6 49. Nc3 Kd7 50. Ne4 Ke7 51. h4 Kd7 52. Kf3 Kc7 53.
Kg4 Kd7 54. Kh5 Ke7 55. Kg4 1/2-1/2

[Event "DVM U20 2014"]
[Site "Naumburg (Saale) GER"]
[Date "2014.12.27"]
[Round "1"]
[White "Diyap, Murat"]
[Black "Uksini, Bardhyl"]
[Result "1-0"]
[Termination "normal"]
[Board "2.2"]
[WhiteElo "1981"]
[BlackElo "2204"]
[WhiteClock "00:01:25"]
[BlackClock "00:01:16"]
[WhiteTeam "Frankfurter TV 1860"]
[BlackTeam "Hamburger SK von 1830"]
[PlyCount "71"]
[WhiteFideId "1272104"]
[BlackFideId "1628313"]
[EventCountry "GER"]
[EventRounds "7"]
[EventType "team-swiss"]
[EventDate "2014.12.26"]

1. e4 c5 2. b3 b6 3. Bb2 Bb7 4. Nc3 d6 5. g3 Nf6 6. Bg2 e6 7. d3 Nbd7 8. f4 a6
9. Nf3 Be7 10. Qe2 Qc7 11. O-O O-O 12. Nd1 Rac8 13. c4 b5 14. Ne3 Ne8 15. f5
Bf6 16. fxe6 fxe6 17. Bh3 e5 18. Ng5 Bxg5 19. Be6+ Kh8 20. Bxd7 Bxe3+ 21. Qxe3
Nf6 22. Bxc8 Bxc8 23. cxb5 axb5 24. Qe2 Qb6 25. Bc1 Be6 26. Bg5 c4+ 27. Qf2 Qb7
28. bxc4 bxc4 29. Rab1 Qa8 30. Bxf6 gxf6 31. Qe3 c3 32. Rbc1 Qa5 33. Qh6 Qa7+
34. Kh1 Qe7 35. Rxc3 f5 36. Rc7 1-0

[Event "DVM U20 2014"]
[Site "Naumburg (Saale) GER"]
[Date "2014.12.27"]
[Round "1"]
[White "Hinrichs, Lars"]
[Black "Medvedovski, Michael"]
[Result "0-1"]
[Termination "normal"]
[Board "2.3"]
[WhiteElo "2193"]
[BlackElo "1957"]
[WhiteClock "00:02:30"]
[BlackClock "00:05:15"]
[WhiteTeam "Hamburger SK von 1830"]
[BlackTeam "Frankfurter TV 1860"]
[PlyCount "114"]
[WhiteFideId "12921769"]
[BlackFideId "24600830"]
[EventCountry "GER"]
[EventRounds "7"]
[EventType "team-swiss"]
[EventDate "2014.12.26"]

1. e4 c5 2. Ne2 Nc6 3. Nbc3 e5 4. g3 Nge7 5. Bg2 g6 6. d3 Bg7 7. Be3 d6 8. Qd2
Nd4 9. h3 O-O 10. Nd1 f5 11. Nxd4 cxd4 12. Bg5 Qc7 13. c3 Nc6 14. O-O f4 15.
gxf4 h6 16. Bh4 exf4 17. f3 Be6 18. Bf2 g5 19. Rc1 Qf7 20. cxd4 Nxd4 21. Bxd4
Bxd4+ 22. Kh2 Bxa2 23. Qa5 Bb6 24. Qa3 Bc5 25. b4 Bb6 26. Nb2 Rac8 27. Nc4 Bxc4
28. dxc4 Rxc4 29. Rxc4 Qxc4 30. Rd1 Qc2 31. Qd3 Qxd3 32. Rxd3 Rd8 33. Rd5 Kf7
34. Bf1 Ke7 35. h4 Rg8 36. hxg5 Rxg5 37. Rxg5 hxg5 38. b5 Kd7 39. Kh3 Bd8 40.
Kg4 Kc7 41. Kf5 Kb6 42. Ke6 Kc5 43. Kd7 Bb6 44. Ke6 Kd4 45. Be2 Ke3 46. Bd1 Bc5
47. Kf5 a6 48. bxa6 bxa6 49. Kxg5 Bd4 50. Kf5 Be5 51. Ke6 a5 52. Kd5 Kd2 53.
Ba4 Ke2 54. Bc6 Kxf3 55. Kc4 Kg2 56. Kb5 f3 57. Kxa5 f2 0-1

[Event "DVM U20 2014"]
[Site "Naumburg (Saale) GER"]
[Date "2014.12.27"]
[Round "1"]
[White "Pham-Tran, Phuong-Bao"]
[Black "Grötzbach, Julian"]
[Result "0-1"]
[Termination "normal"]
[Board "2.4"]
[WhiteElo "1788"]
[BlackElo "2201"]
[WhiteClock "00:00:46"]
[BlackClock "00:03:48"]
[WhiteTeam "Frankfurter TV 1860"]
[BlackTeam "Hamburger SK von 1830"]
[PlyCount "114"]
[WhiteFideId "12939196"]
[BlackFideId "24600938"]
[EventCountry "GER"]
[EventRounds "7"]
[EventType "team-swiss"]
[EventDate "2014.12.26"]

1. c4 b6 2. Nc3 Bb7 3. e4 e6 4. d3 g6 5. g3 Bg7 6. Bg2 Ne7 7. Nge2 O-O 8. O-O
d6 9. Be3 h6 10. Qd2 Kh7 11. Rac1 Nd7 12. d4 Qe8 13. f4 a6 14. Rfd1 Qb8 15. b4
f5 16. d5 e5 17. c5 bxc5 18. bxc5 Nxc5 19. Bxc5 dxc5 20. Na4 fxe4 21. Nxc5 Bxd5
22. Nd7 Qa7+ 23. Kh1 Rfd8 24. Nxe5 Bxe5 25. fxe5 c6 26. Nc3 Qb8 27. Qd4 Nf5 28.
Qa4 Qxe5 29. Bxe4 Bxe4+ 30. Nxe4 Nd4 31. Re1 Kg7 32. Rc5 Rd5 33. Rcc1 Qf5 34.
Qa3 Re8 35. Nd6 Rxe1+ 36. Rxe1 Qf8 37. Ne8+ Kg8 38. Qd3 Qf3+ 39. Qxf3 Nxf3 40.
Nf6+ Kf7 41. Nxd5 Nxe1 42. Nb4 c5 43. Nxa6 c4 44. Nb4 c3 45. a4 c2 46. Na2 Nd3
47. a5 Ke6 48. a6 Nb4 49. Nc1 Nxa6 50. Kg2 Kd5 51. Kf3 Kd4 52. Ke2 Kc3 53. g4
Nc5 54. Ke3 Nd7 55. Ne2+ Kb2 56. Kd2 Nf6 57. Nc1 Ng8 0-1

[Event "DVM U20 2014"]
[Site "Naumburg (Saale) GER"]
[Date "2014.12.27"]
[Round "1"]
[White "Riederer, Martin"]
[Black "Abrahamyan, Arsen"]
[Result "1/2-1/2"]
[Termination "normal"]
[Board "2.5"]
[WhiteElo "2061"]
[BlackElo "1759"]
[WhiteClock "00:06:20"]
[BlackClock "00:02:27"]
[WhiteTeam "Hamburger SK von 1830"]
[BlackTeam "Frankfurter TV 1860"]
[PlyCount "125"]
[WhiteFideId "12903140"]
[BlackFideId "1271755"]
[EventCountry "GER"]
[EventRounds "7"]
[EventType "team-swiss"]
[EventDate "2014.12.26"]

1. d4 Nf6 2. c4 d6 3. Nf3 g6 4. Nc3 Bg7 5. g3 Nbd7 6. Bg2 O-O 7. O-O e5 8. e4
Qe7 9. Re1 c6 10. h3 Re8 11. b3 Nf8 12. Bb2 Qc7 13. Qc2 N6d7 14. d5 c5 15. Nb5
Qb8 16. Qd3 a6 17. Nc3 Nf6 18. a3 Nh5 19. b4 b6 20. Rab1 f5 21. exf5 Bxf5 22.
Ne4 Qc7 23. Rbc1 Bh6 24. Rcd1 Nd7 25. Nh4 Rf8 26. Nxf5 gxf5 27. Qe2 Nhf6 28.
Nd2 Rac8 29. Bf1 Bxd2 30. Qxd2 Ne4 31. Qe3 Rf7 32. Bd3 Ndf6 33. Kh2 Rg7 34. Rg1
Kf7 35. Rde1 Rcg8 36. Qf3 Rg5 37. Bxe4 fxe4 38. Rxe4 Ke7 39. Rh4 Qd7 40. Qe3
Qf5 41. f4 Rh5 42. g4 Nxg4+ 43. Rhxg4 Rxg4 44. Rxg4 Qxg4 45. fxe5 dxe5 46. Bxe5
Qf5 47. Bc3+ Kd7 48. bxc5 bxc5 49. Be1 Qc2+ 50. Bf2 Qf5 51. Qg3 Rg5 52. Qe3
Qe5+ 53. Qxe5 Rxe5 54. Bxc5 Re4 55. Kg3 Rxc4 56. Bb4 Rd4 57. d6 Ke6 58. Kf3 Kd7
59. Kg3 Kc6 60. Kf3 Kd7 61. Bc5 Rc4 62. Bb4 Rd4 63. Kg3 1/2-1/2

[Event "DVM U20 2014"]
[Site "Naumburg (Saale) GER"]
[Date "2014.12.27"]
[Round "1"]
[White "Werle, Joshua"]
[Black "Grötzbach, Daniel"]
[Result "0-1"]
[Termination "normal"]
[Board "2.6"]
[WhiteElo "1782"]
[BlackElo "1930"]
[WhiteClock "00:01:16"]
[BlackClock "00:05:13"]
[WhiteTeam "Frankfurter TV 1860"]
[BlackTeam "Hamburger SK von 1830"]
[PlyCount "56"]
[WhiteFideId "12973890"]
[BlackFideId "24692166"]
[EventCountry "GER"]
[EventRounds "7"]
[EventType "team-swiss"]
[EventDate "2014.12.26"]

1. d4 d5 2. c4 c6 3. Nf3 Nf6 4. Nc3 e6 5. g3 Nbd7 6. Bg2 Be7 7. O-O O-O 8. Qc2
Re8 9. Bf4 a6 10. e4 dxc4 11. a4 c5 12. Ne2 cxd4 13. Nexd4 c3 14. Rab1 Nc5 15.
e5 Nd5 16. b4 Nd7 17. b5 Nc5 18. Ne2 Qa5 19. Ra1 Bd7 20. Nfd4 Nb4 21. Qxc3 Rac8
22. Rfd1 Nxa4 23. Qb3 axb5 24. Nc3 Rxc3 25. Rxa4 Qxa4 26. Qxc3 Qxd1+ 27. Bf1
Rc8 28. Qb2 Nd5 0-1

[Event "DVM U20 2014"]
[Site "Naumburg (Saale) GER"]
[Date "2014.12.27"]
[Round "1"]
[White "Knopf, Felix"]
[Black "Klek, Hanna Marie"]
[Result "0-1"]
[Termination "normal"]
[Board "3.1"]
[WhiteElo "1926"]
[BlackElo "2225"]
[WhiteTeam "SV Merseburg"]
[BlackTeam "SC Erlangen"]
[PlyCount "62"]
[WhiteFideId "24692204"]
[BlackFideId "24670057"]
[EventCountry "GER"]
[EventRounds "7"]
[EventType "team-swiss"]
[EventDate "2014.12.26"]

1. d4 Nf6 2. c4 g6 3. Nc3 Bg7 4. Nf3 O-O 5. e4 d6 6. Be2 Bg4 7. Ng5 Bxe2 8.
Qxe2 Nc6 9. Be3 e5 10. d5 Nd4 11. Qd2 c5 12. O-O Ng4 13. Nh3 f5 14. Bg5 Qd7 15.
f3 Nf6 16. Rab1 Nh5 17. Nf2 Rf7 18. b4 cxb4 19. Rxb4 Rc8 20. Rfb1 b6 21. a4
fxe4 22. fxe4 Rcf8 23. Be3 Nf4 24. a5 Bh6 25. axb6 axb6 26. Rxb6 Nfe2+ 27. Nxe2
Rxf2 28. Bxd4 Rxg2+ 29. Kxg2 Qg4+ 30. Ng3 Bxd2 31. Ba1 Bf4 0-1

[Event "DVM U20 2014"]
[Site "Naumburg (Saale) GER"]
[Date "2014.12.27"]
[Round "1"]
[White "Miller, Eduard"]
[Black "Heinrich, Julius Tobias"]
[Result "1-0"]
[Termination "normal"]
[Board "3.2"]
[WhiteElo "2129"]
[BlackElo "1989"]
[WhiteTeam "SC Erlangen"]
[BlackTeam "SV Merseburg"]
[PlyCount "71"]
[WhiteFideId "24687022"]
[BlackFideId "12913847"]
[EventCountry "GER"]
[EventRounds "7"]
[EventType "team-swiss"]
[EventDate "2014.12.26"]

1. e4 e6 2. d3 d5 3. Nd2 Nf6 4. g3 dxe4 5. dxe4 Bc5 6. Bg2 Nc6 7. Ngf3 e5 8.
O-O Bg4 9. c3 a5 10. Qa4 Nd7 11. Qb5 Bb6 12. Nc4 Qf6 13. Bg5 Qe6 14. Nxb6 Nxb6
15. Be3 Qc4 16. a4 Bxf3 17. Bxf3 Qxb5 18. axb5 Nd8 19. Be2 Ne6 20. Ra3 Kd7 21.
Rfa1 a4 22. f3 Rhd8 23. Kf2 c5 24. f4 exf4 25. gxf4 Rac8 26. f5 Nf8 27. Rg1 Re8
28. Rxg7 Rxe4 29. Rxf7+ Re7 30. Rxe7+ Kxe7 31. Bg5+ Kf7 32. Bh5+ Kg8 33. c4
Nfd7 34. Rg3 Nxc4 35. Bh6+ Kh8 36. Bf7 1-0

[Event "DVM U20 2014"]
[Site "Naumburg (Saale) GER"]
[Date "2014.12.27"]
[Round "1"]
[White "Feuerherdt, Martin"]
[Black "Wenninger, Philipp"]
[Result "0-1"]
[Termination "normal"]
[Board "3.3"]
[WhiteElo "1805"]
[BlackElo "2259"]
[WhiteTeam "SV Merseburg"]
[BlackTeam "SC Erlangen"]
[PlyCount "78"]
[WhiteFideId "12910341"]
[BlackFideId "4648404"]
[EventCountry "GER"]
[EventRounds "7"]
[EventType "team-swiss"]
[EventDate "2014.12.26"]

1. e4 c6 2. d4 d5 3. Nc3 dxe4 4. Nxe4 Bf5 5. Ng3 Bg6 6. Nf3 Nd7 7. Bd3 e6 8.
O-O Ngf6 9. Bg5 Be7 10. Re1 O-O 11. Qd2 Qb6 12. Bxg6 hxg6 13. c3 Rfd8 14. Qc2
a5 15. Rad1 a4 16. Ne5 Ra5 17. Nc4 Qb5 18. Nxa5 Qxa5 19. Bxf6 gxf6 20. Ne4 Kg7
21. b4 axb3 22. axb3 Rh8 23. Re3 g5 24. b4 Qc7 25. g3 f5 26. Nc5 Nf6 27. f3 Bd6
28. Qg2 Nd5 29. Red3 b6 30. Nb3 f4 31. g4 Ne3 32. Qa2 Qb7 33. Ra1 c5 34. Nd2 c4
35. Nxc4 Qxf3 36. Nxd6 Qxg4+ 37. Kh1 Qf3+ 38. Kg1 Rh4 39. Rxe3 Rg4+ 0-1

[Event "DVM U20 2014"]
[Site "Naumburg (Saale) GER"]
[Date "2014.12.27"]
[Round "1"]
[White "Diller, Daniel"]
[Black "Hoffmann, Dustin"]
[Result "1-0"]
[Termination "normal"]
[Board "3.4"]
[WhiteElo "1872"]
[BlackElo "1896"]
[WhiteTeam "SC Erlangen"]
[BlackTeam "SV Merseburg"]
[PlyCount "69"]
[WhiteFideId "12908983"]
[BlackFideId "1270566"]
[EventCountry "GER"]
[EventRounds "7"]
[EventType "team-swiss"]
[EventDate "2014.12.26"]

1. c4 Nf6 2. g3 g6 3. Bg2 Bg7 4. Nc3 c5 5. e4 Nc6 6. Nge2 d6 7. O-O O-O 8. d3
Rb8 9. h3 a6 10. a4 Bd7 11. Be3 Qc7 12. Rc1 Rfc8 13. b3 e5 14. f4 h6 15. fxe5
Nxe5 16. Qd2 Kh7 17. Rf2 Bc6 18. Rcf1 Qe7 19. Nf4 b5 20. axb5 axb5 21. Nfd5
Nxd5 22. exd5 Be8 23. Rf4 bxc4 24. bxc4 Rb3 25. Rh4 h5 26. Ne4 Rxd3 27. Qe2 Rb8
28. Bg5 Qa7 29. g4 Rdb3 30. gxh5 Kg8 31. h6 Rb2 32. hxg7 f5 33. Nf6+ Kxg7 34.
Rh7+ Kf8 35. Bh6+ 1-0

[Event "DVM U20 2014"]
[Site "Naumburg (Saale) GER"]
[Date "2014.12.27"]
[Round "1"]
[White "Jacob, Hannes"]
[Black "Zhao, Kevin"]
[Result "0-1"]
[Termination "normal"]
[Board "3.5"]
[WhiteElo "1878"]
[BlackElo "1907"]
[WhiteTeam "SV Merseburg"]
[BlackTeam "SC Erlangen"]
[PlyCount "58"]
[WhiteFideId "12910350"]
[BlackFideId "1271884"]
[EventCountry "GER"]
[EventRounds "7"]
[EventType "team-swiss"]
[EventDate "2014.12.26"]

1. e4 e6 2. d4 d5 3. Nd2 Nf6 4. Bd3 c5 5. c3 Nc6 6. Ne2 cxd4 7. cxd4 Qb6 8. e5
Nd7 9. Nf3 f6 10. exf6 Nxf6 11. O-O Bd6 12. a3 O-O 13. Ng3 e5 14. dxe5 Nxe5 15.
Nxe5 Bxe5 16. Bg5 Ng4 17. Qc2 Nxf2 18. Bd8 Rxd8 19. Rxf2 Bd4 20. Bxh7+ Kh8 21.
Bd3 Rf8 22. Nh1 Bd7 23. Raf1 Rf6 24. Qe2 Raf8 25. Qh5+ Rh6 26. Qe2 Qd6 27. h3
Bxh3 28. gxh3 Rxh3 29. Qg4 Qh2# 0-1

[Event "DVM U20 2014"]
[Site "Naumburg (Saale) GER"]
[Date "2014.12.27"]
[Round "1"]
[White "Wegmann, Simon"]
[Black "Le Hong, Quang Anh"]
[Result "1-0"]
[Termination "normal"]
[Board "3.6"]
[WhiteElo "1712"]
[BlackElo "1536"]
[WhiteTeam "SC Erlangen"]
[BlackTeam "SV Merseburg"]
[PlyCount "47"]
[WhiteFideId "1270758"]
[BlackFideId "12927589"]
[EventCountry "GER"]
[EventRounds "7"]
[EventType "team-swiss"]
[EventDate "2014.12.26"]

1. e4 c5 2. Nc3 Nc6 3. f4 g6 4. Nf3 Bg7 5. h3 d6 6. g4 e6 7. Bg2 Nge7 8. d3 Rb8
9. g5 h5 10. O-O O-O 11. Ne2 b5 12. Ng3 Nd4 13. Nh4 b4 14. c3 bxc3 15. bxc3
Ndc6 16. Bd2 f5 17. exf5 exf5 18. Bxc6 Nxc6 19. Nxg6 Re8 20. Nxh5 Ba6 21. Qf3
Qc8 22. Rfe1 Kh7 23. Nh4 Rb2 24. Nf6+ 1-0

[Event "DVM U20 2014"]
[Site "Naumburg (Saale) GER"]
[Date "2014.12.27"]
[Round "1"]
[White "Pauly, Carlo"]
[Black "Zuferi, Enis"]
[Result "1-0"]
[Termination "normal"]
[Board "4.1"]
[WhiteElo "2173"]
[BlackElo "2126"]
[WhiteTeam "SG Porz"]
[BlackTeam "Heilbronner SV"]
[PlyCount "123"]
[WhiteFideId "24673269"]
[BlackFideId "24692530"]
[EventCountry "GER"]
[EventRounds "7"]
[EventType "team-swiss"]
[EventDate "2014.12.26"]

1. d4 Nf6 2. c4 g6 3. Nc3 d5 4. cxd5 Nxd5 5. Bd2 Nb6 6. Nf3 Bg7 7. e4 Bg4 8.
Be3 O-O 9. Be2 e6 10. O-O Nc6 11. d5 exd5 12. exd5 Ne7 13. h3 Bc8 14. Bc5 Re8
15. Bb5 Bd7 16. Bxd7 Qxd7 17. Qb3 Rad8 18. Rad1 Nec8 19. Bd4 Nd6 20. Bxg7 Kxg7
21. Qb4 Qf5 22. Qc5 Rd7 23. Rfe1 a6 24. Rxe8 Nxe8 25. Re1 Nf6 26. Nd4 Qf4 27.
Ne6+ fxe6 28. dxe6 Rd2 29. Qe7+ Kh6 30. Qf8+ Kg5 31. Ne4+ Nxe4 32. Qxf4+ Kxf4
33. Rxe4+ Kxe4 34. e7 Kd3 35. e8=Q Kc2 36. Qh8 Kb1 37. Qxh7 Rxb2 38. Qxg6+ Kxa2
39. Qf7+ Kb1 40. Qxc7 a5 41. Qxb7 a4 42. Qa6 Rb3 43. h4 a3 44. h5 a2 45. h6 Nd5
46. h7 Rb8 47. Qd3+ Kb2 48. Qd2+ Kb1 49. Qe1+ Kc2 50. Qe5 Rb1+ 51. Kh2 Nc3 52.
h8=Q a1=Q 53. Qh7+ Kb2 54. Qd3 Rh1+ 55. Kg3 Qc1 56. Qb8+ Ka1 57. Qa7+ Kb2 58.
Qb6+ Ka3 59. Qc5+ Kb3 60. Qcc4+ Kb2 61. Qb4+ Ka2 62. Qa6+ 1-0

[Event "DVM U20 2014"]
[Site "Naumburg (Saale) GER"]
[Date "2014.12.27"]
[Round "1"]
[White "Peng, Xiang-Tobias"]
[Black "Xu, Xianliang"]
[Result "0-1"]
[Termination "normal"]
[Board "4.2"]
[WhiteElo "1987"]
[BlackElo "2113"]
[WhiteTeam "Heilbronner SV"]
[BlackTeam "SG Porz"]
[PlyCount "108"]
[WhiteFideId "12964328"]
[BlackFideId "4603230"]
[EventCountry "GER"]
[EventRounds "7"]
[EventType "team-swiss"]
[EventDate "2014.12.26"]

1. e4 d5 2. exd5 Qxd5 3. Nc3 Qa5 4. Bc4 c6 5. d4 Bf5 6. Nf3 Nf6 7. O-O e6 8.
Bf4 Be7 9. Re1 Qd8 10. Qe2 O-O 11. Rad1 Bg4 12. d5 Bxf3 13. gxf3 cxd5 14. Bxd5
Qc8 15. Bb3 Nc6 16. Nb5 Nh5 17. Bd6 Bxd6 18. Nxd6 Qc7 19. Qb5 Nf4 20. Qxb7 Qd8
21. Nxf7 Qf6 22. Rxe6 Nxe6 23. Qxc6 Rae8 24. Re1 Kxf7 25. Rxe6 Rxe6 26. Qd7+
Kg6 27. Qxe6 Qxe6 28. Bxe6 Rxf3 29. c4 Kf6 30. Bd5 Rd3 31. b4 Ke5 32. Bg8 h6
33. Kf1 Ra3 34. c5 Ra4 35. b5 Rb4 36. b6 a5 37. Bf7 Kd4 38. c6 Rxb6 39. Be8
Rb1+ 40. Ke2 Rc1 41. a4 Rc5 42. Bd7 Ke5 43. Kd3 Kd6 44. f4 Rc1 45. Be8 Rh1 46.
Kc4 Rxh2 47. Kb5 Rb2+ 48. Kxa5 Kc7 49. Ka6 Rb4 50. f5 Rxa4+ 51. Kb5 Rf4 52. Bd7
h5 53. Kc5 h4 54. Kd5 h3 0-1